000 00288nam a22001337a 4500
008 181030b xxu||||| |||| 00| 0 eng d
020 _a0716700263
041 _aeng
080 _a573
100 _a11
101 _aBIO
245 _aThe Biology Peolpes
_cHenry.R.H
942 _2udc
_cBK
999 _c51087
_d51087